The Concept of God /

Bibliographic Details
Other Authors: Morris, Thomas V.
Format: Book
Language:English
Published: Oxford [Oxfordshire] ; New York : Oxford University Press, 1987.
Series:Oxford readings in philosophy.
Subjects:

MARC

Tag First Indicator Second Indicator Subfields
LEADER 00000cam a2200000 a 4500
001 in00000020099
005 20151007053823.0
008 861119s1987 enk b 00100 eng
010 |a  86031118  
020 |a 0198750773 :  |c £14.00 (est.) ($21.00 U.S.) 
020 |a 0198750765 (pbk.) :  |c £5.95 (est.) ($9.00 U.S.) 
035 |a (OCoLC)15083045 
035 |9 AAB2934AM 
040 |a DLC  |c DLC  |d TXA  |d UtOrBLW 
049 |a TXAM  |c [A11085450] 
050 0 0 |a BT102.A1  |b C66 1987 
082 0 |a 212  |2 19 
245 0 4 |a The Concept of God /  |c edited by Thomas V. Morris. 
264 1 |a Oxford [Oxfordshire] ;  |a New York :  |b Oxford University Press,  |c 1987. 
300 |a 276 pages ;  |c 21 cm. 
336 |a text  |b txt  |2 rdacontent 
337 |a unmediated  |b n  |2 rdamedia 
338 |a volume  |b nc  |2 rdacarrier 
490 1 |a Oxford readings in philosophy 
504 |a Bibliography: pages [271]-273. 
500 |a Includes index. 
650 0 |a God. 
700 1 |a Morris, Thomas V. 
830 0 |a Oxford readings in philosophy. 
999 |a MARS 
999 f f |s 1da28541-c074-37c3-bf34-28631b96dbdc  |i 65ef47d3-7021-3498-9fda-8fd3c44a683f  |t 0 
952 f f |p ric  |a Texas A&M University  |b Rellis Campus  |c Joint Library Facility  |d Remote Storage  |t 0  |e BT102.A1 C66 1987  |h Library of Congress classification  |i unmediated -- volume  |m A14811085450 
998 f f |a BT102.A1 C66 1987  |t 0  |l Remote Storage